ARRUPE JESUIT UNIVERSITY

CORONAVIRUS -STOP THE SPREAD - CLEAN,DISINFECT,COVER

Asante in the nineteenth century : (Record no. 13316)

MARC details
000 -LEADER
fixed length control field 01007cam a2200289 i 4500
001 - CONTROL NUMBER
control field 1262681
003 - CONTROL NUMBER IDENTIFIER
control field ARRUPE
005 - DATE AND TIME OF LATEST TRANSACTION
control field 20170605095639.0
008 - FIXED-LENGTH DATA ELEMENTS--GENERAL INFORMATION
fixed length control field 750402s1975 enkaf b 001 0deng
010 ## - LIBRARY OF CONGRESS CONTROL NUMBER
LC control number 74077834
015 ## - NATIONAL BIBLIOGRAPHY NUMBER
National bibliography number GB***
020 ## - INTERNATIONAL STANDARD BOOK NUMBER
International Standard Book Number 0521204631
040 ## - CATALOGING SOURCE
Original cataloging agency DLC
Transcribing agency DLC
Modifying agency DLC
043 ## - GEOGRAPHIC AREA CODE
Geographic area code f-gh---
050 00 - LIBRARY OF CONGRESS CALL NUMBER
Classification number DT507
Item number .W48
082 00 - DEWEY DECIMAL CLASSIFICATION NUMBER
Classification number 966.7/01
Edition number 19
300 ## - PHYSICAL DESCRIPTION
Other physical details ill. ;
Dimensions 24 cm.
100 1# - MAIN ENTRY--PERSONAL NAME
Personal name Wilks, Ivor.
9 (RLIN) 32156
245 10 - TITLE STATEMENT
Title Asante in the nineteenth century :
Remainder of title the structure and evolution of a political order /
Statement of responsibility, etc Ivor Wilks.
260 ## - PUBLICATION, DISTRIBUTION, ETC. (IMPRINT)
Place of publication, distribution, etc London ;
-- New York :
Name of publisher, distributor, etc Cambridge University Press,
Date of publication, distribution, etc 1975.
300 ## - PHYSICAL DESCRIPTION
Extent xvii, 800 p., [8] leaves of plates :
440 #0 - SERIES STATEMENT/ADDED ENTRY--TITLE
Title African studies series ;
Volume number/sequential designation 13
9 (RLIN) 1224
500 ## - GENERAL NOTE
General note Includes index.
504 ## - BIBLIOGRAPHY, ETC. NOTE
Bibliography, etc Bibliography: p. 731-743.
650 #0 - SUBJECT ADDED ENTRY--TOPICAL TERM
Topical term or geographic name as entry element Ashanti (African people)
General subdivision Politics and government.
9 (RLIN) 32157
651 #0 - SUBJECT ADDED ENTRY--GEOGRAPHIC NAME
Geographic name Ashanti (Kingdom)
General subdivision Politics and government.
9 (RLIN) 32158
906 ## - LOCAL DATA ELEMENT F, LDF (RLIN)
a 7
b cbc
c orignew
d 2
e opcn
f 19
g y-gencatlg
942 ## - ADDED ENTRY ELEMENTS (KOHA)
Source of classification or shelving scheme Library of Congress Classification
Koha item type Monograph ( Printed materials)
Holdings
Withdrawn status Lost status Source of classification or shelving scheme Damaged status Not for loan Collection code Home library Current library Shelving location Date acquired Total Checkouts Full call number Barcode Date last seen Date checked out Copy number Price effective from Koha item type
    Library of Congress Classification     Main Collection ARRUPE LIBRARY ARRUPE LIBRARY   04/03/2013 3 DT507.W48 1975 46003034302 28/09/2020 21/09/2020 1 04/03/2013 Monograph ( Printed materials)

 

Arrupe Library. PO Box MP320 Mt Pleasant, Harare, Zimbabwe
263 242 745411|librarian@aju.ac.zw